Statistics for 20 Random Islands on the World Map

Click here to take the quiz!

General Stats

  • This quiz has been taken 1,232 times
  • The average score is 5 of 20

Answers on the Map

Answers color-coded by a green-red scale on the quiz's map according to % correct below.
 

Answer Stats

AreaCIsland% Correct
507,451๐Ÿ‡จ๐Ÿ‡ฆBaffin
100%
748,168๐Ÿ‡ฎ๐Ÿ‡ฉ ๐Ÿ‡ฒ๐Ÿ‡พ ๐Ÿ‡ง๐Ÿ‡ณBorneo
100%
105,806๐Ÿ‡จ๐Ÿ‡บCuba
100%
18๐Ÿ‡ง๐Ÿ‡ทFernando de Noronha
100%
209,331๐Ÿ‡ฌ๐Ÿ‡งGreat Britain
100%
2,130,800๐Ÿ‡ฌ๐Ÿ‡ฑGreenland
100%
65๐Ÿ‡ฌ๐Ÿ‡ฌGuernsey
100%
10,434๐Ÿ‡บ๐Ÿ‡ธHawaiสปi
100%
2,198๐Ÿ‡ณ๐Ÿ‡ดHinnรธya
100%
73,929๐Ÿ‡ฉ๐Ÿ‡ด ๐Ÿ‡ญ๐Ÿ‡นHispaniola
100%
78,719๐Ÿ‡ฏ๐Ÿ‡ตHokkaido
100%
225,800๐Ÿ‡ฏ๐Ÿ‡ตHonshu
100%
101,826๐Ÿ‡ฎ๐Ÿ‡ธIceland
100%
84,421๐Ÿ‡ฎ๐Ÿ‡ช ๐Ÿ‡ฌ๐Ÿ‡งIreland
100%
11,190๐Ÿ‡ฏ๐Ÿ‡ฒJamaica
100%
377๐Ÿ‡ธ๐Ÿ‡ฏJan Mayen
100%
138,794๐Ÿ‡ฎ๐Ÿ‡ฉJava
100%
118๐Ÿ‡ฏ๐Ÿ‡ชJersey
100%
2,237๐Ÿ‡จ๐Ÿ‡บJuventud
100%
37,437๐Ÿ‡ฏ๐Ÿ‡ตKyushu
100%
707๐Ÿ‡ฎ๐Ÿ‡ณLittle Andaman
100%
587,041๐Ÿ‡ฒ๐Ÿ‡ฌMadagascar
100%
4,078๐Ÿ‡ฎ๐Ÿ‡ฉMadura
100%
5๐Ÿ‡ฒ๐Ÿ‡ปMalรฉ
100%
87๐Ÿ‡บ๐Ÿ‡ธManhattan
100%
16,648๐Ÿ‡ณ๐Ÿ‡จNew Caledonia
100%
785,753๐Ÿ‡ฎ๐Ÿ‡ฉ ๐Ÿ‡ต๐Ÿ‡ฌNew Guinea
100%
136๐Ÿ‡ธ๐Ÿ‡นPrรญncipe
100%
9,100๐Ÿ‡ต๐Ÿ‡ทPuerto Rico
100%
72,493๐Ÿ‡ท๐Ÿ‡บSakhalin
100%
23,949๐Ÿ‡ฎ๐Ÿ‡นSardinia
100%
3,607๐Ÿ‡พ๐Ÿ‡ชSocotra
100%
145,836๐Ÿ‡ณ๐Ÿ‡ฟSouth
100%
38,981๐Ÿ‡ณ๐Ÿ‡ดSpitsbergen
100%
65,268๐Ÿ‡ฑ๐Ÿ‡ฐSri Lanka
100%
443,066๐Ÿ‡ฎ๐Ÿ‡ฉSumatra
100%
35,883๐Ÿ‡น๐Ÿ‡ผTaiwan
100%
65,022๐Ÿ‡ฆ๐Ÿ‡บTasmania
100%
217,291๐Ÿ‡จ๐Ÿ‡ฆVictoria
100%
1,666๐Ÿ‡น๐Ÿ‡ฟZanzibar
100%
28,418๐Ÿ‡ฎ๐Ÿ‡ฉ ๐Ÿ‡น๐Ÿ‡ฑTimor
83%
572๐Ÿ‡ฎ๐Ÿ‡ฒIsle of Man
80%
40๐Ÿ‡ง๐Ÿ‡ฒMain (Bermuda)
80%
78๐Ÿ‡ญ๐Ÿ‡ฐHong Kong
75%
93๐Ÿ‡ฐ๐Ÿ‡ณNevis
75%
1,206๐Ÿ‡ฏ๐Ÿ‡ตOkinawa
75%
121๐Ÿ‡ธ๐Ÿ‡ญSaint Helena
75%
152๐Ÿ‡บ๐Ÿ‡ธStaten
75%
5,009๐Ÿ‡น๐Ÿ‡นTrinidad
75%
70,028๐Ÿ‡จ๐Ÿ‡ฆBanks
67%
431๐Ÿ‡ง๐Ÿ‡งBarbados
67%
160๐Ÿ‡ฆ๐Ÿ‡ฌBarbuda
67%
9,234๐Ÿ‡จ๐Ÿ‡พCyprus
67%
33,210๐Ÿ‡จ๐Ÿ‡ณHainan
67%
109,965๐Ÿ‡ต๐Ÿ‡ญLuzon
67%
1,545๐Ÿ‡บ๐Ÿ‡ธOahu
67%
174๐Ÿ‡ฐ๐Ÿ‡ณSaint Kitts
67%
345๐Ÿ‡ป๐Ÿ‡จSaint Vincent
67%
25,662๐Ÿ‡ฎ๐Ÿ‡นSicily
67%
279๐Ÿ‡ฆ๐Ÿ‡ฌAntigua
60%
163๐Ÿ‡จ๐Ÿ‡ฑEaster
60%
31,285๐Ÿ‡จ๐Ÿ‡ฆVancouver
60%
196,236๐Ÿ‡จ๐Ÿ‡ฆEllesmere
57%
155๐Ÿ‡ธ๐Ÿ‡จAldabra
50%
180๐Ÿ‡ฆ๐Ÿ‡ผAruba
50%
88๐Ÿ‡ฆ๐Ÿ‡จAscension
50%
11,206๐Ÿ‡ท๐Ÿ‡บBolshevik
50%
9,318๐Ÿ‡ต๐Ÿ‡ฌBougainville
50%
8,350๐Ÿ‡ฌ๐Ÿ‡ทCrete
50%
444๐Ÿ‡จ๐Ÿ‡ผCuracao
50%
55,247๐Ÿ‡จ๐Ÿ‡ฆDevon
50%
750๐Ÿ‡ฉ๐Ÿ‡ฒDominica
50%
687๐Ÿ‡ต๐Ÿ‡ฌGoodenough
50%
6,361๐Ÿ‡จ๐Ÿ‡ฆGraham
50%
65๐Ÿ‡บ๐Ÿ‡ธMactan
50%
3,667๐Ÿ‡ช๐Ÿ‡ธMallorca
50%
1,883๐Ÿ‡บ๐Ÿ‡ธMaui
50%
1,860๐Ÿ‡ฒ๐Ÿ‡บMauritius
50%
110๐Ÿ‡ฌ๐Ÿ‡ธMontagu
50%
35,145๐Ÿ‡ต๐Ÿ‡ฌNew Britain
50%
5๐Ÿ‡น๐Ÿ‡ฐNukunonu
50%
14,204๐Ÿ‡ท๐Ÿ‡บOctober Revolution
50%
12,011๐Ÿ‡ต๐Ÿ‡ญPanay
50%
33,339๐Ÿ‡จ๐Ÿ‡ฆPrince of Wales
50%
622๐Ÿ‡ฑ๐Ÿ‡จSaint Lucia
50%
180,681๐Ÿ‡ฎ๐Ÿ‡ฉSulawesi
50%
2,034๐Ÿ‡ช๐Ÿ‡ธTenerife
50%
10,531๐Ÿ‡ซ๐Ÿ‡ฏViti Levu
50%
5,620๐Ÿ‡จ๐Ÿ‡ฆPrince Edward
43%
5,498๐Ÿ‡จ๐Ÿ‡ฆCoats
40%
6,995๐Ÿ‡จ๐Ÿ‡ฆCornwallis
40%
7,040๐Ÿ‡ซ๐Ÿ‡ฐEast Falkland
40%
4,640๐Ÿ‡ช๐Ÿ‡จIsabela
40%
9,310๐Ÿ‡บ๐Ÿ‡ธKodiak
40%
97,530๐Ÿ‡ต๐Ÿ‡ญMindanao
40%
7,405๐Ÿ‡ต๐Ÿ‡ฌNew Ireland
40%
87๐Ÿ‡ฒ๐Ÿ‡ซ ๐Ÿ‡ธ๐Ÿ‡ฝSaint Martin
40%
2,017๐Ÿ‡ฌ๐Ÿ‡ถBioko
33%
49๐Ÿ‡ง๐Ÿ‡ปBouvet
33%
8,741๐Ÿ‡ซ๐Ÿ‡ทCorsica
33%
1,717๐Ÿ‡ฌ๐Ÿ‡ฑGeographical Society
33%
3,630๐Ÿ‡บ๐Ÿ‡ธLong
33%
435๐Ÿ‡น๐Ÿ‡ฟMafia
33%
970๐Ÿ‡ฌ๐Ÿ‡งMainland (Shetland)
33%
246๐Ÿ‡ฒ๐Ÿ‡นMalta
33%
40,100๐Ÿ‡ง๐Ÿ‡ทMarajรณ
33%
2๐Ÿ‡ฏ๐Ÿ‡ตMinami-Tori-Shima
33%
673๐Ÿ‡บ๐Ÿ‡ธMolokai
33%
108,860๐Ÿ‡จ๐Ÿ‡ฆNewfoundland
33%
9,521๐Ÿ‡จ๐Ÿ‡ฆPrince Charles
33%
619๐Ÿ‡ฎ๐Ÿ‡ณSalsette
33%
47,079๐Ÿ‡ฆ๐Ÿ‡ท ๐Ÿ‡จ๐Ÿ‡ฑSeverny
33%
18,545๐Ÿ‡ฏ๐Ÿ‡ตShikoku
33%
2,720๐Ÿ‡บ๐Ÿ‡ธUnalaska
33%
1,656๐Ÿ‡ฌ๐Ÿ‡งSkye
29%
370๐Ÿ‡ต๐Ÿ‡ผBabeldaob
25%
16,042๐Ÿ‡จ๐Ÿ‡ฆBathurst
25%
588๐Ÿ‡ฉ๐Ÿ‡ฐBornholm
25%
14,154๐Ÿ‡ฎ๐Ÿ‡ฉFlores
25%
1,446๐Ÿ‡บ๐Ÿ‡ธKauai
25%
1,167๐Ÿ‡ซ๐Ÿ‡ทMartinique
25%
21๐Ÿ‡ณ๐Ÿ‡ทNauru
25%
6,201๐Ÿ‡ท๐Ÿ‡บNew Siberia
25%
34๐Ÿ‡ณ๐Ÿ‡ซNorfolk
25%
988๐Ÿ‡น๐Ÿ‡ฟPemba
25%
1,491๐Ÿ‡ฎ๐Ÿ‡ทQeshm
25%
2,535๐Ÿ‡ซ๐Ÿ‡ทRรฉunion
25%
155๐Ÿ‡ญ๐Ÿ‡ณRoatan
25%
13๐Ÿ‡ง๐Ÿ‡ถSaba
25%
3,688๐Ÿ‡จ๐Ÿ‡ฑSanta Inรฉs
25%
845๐Ÿ‡ธ๐Ÿ‡นSao Tome
25%
24,786๐Ÿ‡จ๐Ÿ‡ฆSomerset
25%
3,718๐Ÿ‡ฌ๐Ÿ‡ธSouth Georgia
25%
10,711๐Ÿ‡ฎ๐Ÿ‡ฉSumba
25%
300๐Ÿ‡น๐Ÿ‡นTobago
25%
1,125๐Ÿ‡ผ๐Ÿ‡ธUpolu
25%
510๐Ÿ‡น๐Ÿ‡ณDjerba
20%
891๐Ÿ‡ป๐Ÿ‡บErromango
20%
1,660๐Ÿ‡ช๐Ÿ‡ธFuerteventura
20%
1,544๐Ÿ‡ง๐Ÿ‡ธGreat Inagua
20%
145๐Ÿ‡น๐Ÿ‡ผKinmen
20%
9๐Ÿ‡ฒ๐Ÿ‡ญMajuro
20%
2,766๐Ÿ‡จ๐Ÿ‡ฆManitoulin
20%
13,075๐Ÿ‡ต๐Ÿ‡ญNegros
20%
1,815๐Ÿ‡ณ๐Ÿ‡ฟStewart/Rakiura
20%
3,452๐Ÿ‡ฌ๐Ÿ‡ฑTraill
20%
7,031๐Ÿ‡ฉ๐Ÿ‡ฐZealand
20%
6๐Ÿ‡จ๐Ÿ‡ตClipperton
17%
741๐Ÿ‡ต๐Ÿ‡นMadeira
17%
800๐Ÿ‡น๐Ÿ‡ญPhuket
17%
96๐Ÿ‡ผ๐Ÿ‡ซWallis
17%
306๐Ÿ‡ฆ๐Ÿ‡ชAbu al Abyad
0%
148๐Ÿ‡ฎ๐Ÿ‡ชAchill
0%
4,663๐Ÿ‡ฆ๐Ÿ‡ถAdelaide
0%
1๐Ÿ‡ฒ๐Ÿ‡บAlbatross
0%
49,070๐Ÿ‡ฆ๐Ÿ‡ถAlexander
0%
803๐Ÿ‡ฎ๐Ÿ‡ฉAmbon
0%
677๐Ÿ‡ป๐Ÿ‡บAmbryn
0%
10๐Ÿ‡น๐Ÿ‡ซAmsterdam
0%
5,255๐Ÿ‡จ๐Ÿ‡ฆAmund Ringnes
0%
931๐Ÿ‡ฒ๐Ÿ‡ฝรngel de la Guarda
0%
91๐Ÿ‡ฆ๐Ÿ‡ฎAnguilla
0%
424๐Ÿ‡ฐ๐Ÿ‡ฒAnjouan
0%
17๐Ÿ‡ฌ๐Ÿ‡ถAnnobรณn
0%
7,941๐Ÿ‡จ๐Ÿ‡ฆAnticosti
0%
20๐Ÿ‡ณ๐Ÿ‡ฟAntipodes
0%
2,432๐Ÿ‡ฆ๐Ÿ‡ถAnvers
0%
105๐Ÿ‡น๐Ÿ‡ฑAtauro
0%
119๐Ÿ‡ท๐Ÿ‡บAtlasov
0%
442๐Ÿ‡ณ๐Ÿ‡ฟAuckland
0%
43,178๐Ÿ‡จ๐Ÿ‡ฆAxel Heiberg
0%
1,899๐Ÿ‡ฎ๐Ÿ‡ฉBacan
0%
604๐Ÿ‡ง๐Ÿ‡ญBahrain
0%
5,416๐Ÿ‡ฎ๐Ÿ‡ฉBali
0%
20,000๐Ÿ‡ง๐Ÿ‡ทBananal
0%
441๐Ÿ‡ฒ๐Ÿ‡พBanggi
0%
11,413๐Ÿ‡ฎ๐Ÿ‡ฉBangka
0%
1,327๐Ÿ‡ต๐Ÿ‡ญBasilan
0%
848๐Ÿ‡ฌ๐Ÿ‡ตBasse-Terre
0%
715๐Ÿ‡ฎ๐Ÿ‡ฉBatam
0%
0๐Ÿ‡ง๐Ÿ‡ทBelmonte
0%
43,873๐Ÿ‡ฆ๐Ÿ‡ถBerkner
0%
1,441๐Ÿ‡ง๐Ÿ‡ฉBhola
0%
631๐Ÿ‡จ๐Ÿ‡ปBoa Vista
0%
4,117๐Ÿ‡ต๐Ÿ‡ญBohol
0%
294๐Ÿ‡ง๐Ÿ‡ถBonaire
0%
976๐Ÿ‡ฆ๐Ÿ‡ถBrabant
0%
530๐Ÿ‡ฒ๐Ÿ‡พBruit
0%
863๐Ÿ‡ฐ๐Ÿ‡ผBubiyan
0%
8,473๐Ÿ‡ฎ๐Ÿ‡ฉBuru
0%
4,408๐Ÿ‡ฎ๐Ÿ‡ฉButon
0%
11,067๐Ÿ‡จ๐Ÿ‡ฆBylot
0%
10,311๐Ÿ‡จ๐Ÿ‡ฆCape Breton
0%
8,500๐Ÿ‡ฆ๐Ÿ‡ถCarney
0%
5,000๐Ÿ‡ง๐Ÿ‡ทCaviana
0%
777๐Ÿ‡จ๐Ÿ‡บCayo Romano
0%
4,467๐Ÿ‡ต๐Ÿ‡ญCebu
0%
920๐Ÿ‡ณ๐Ÿ‡ฟChatham
0%
523๐Ÿ‡ฒ๐Ÿ‡ฒCheduba
0%
5,388๐Ÿ‡บ๐Ÿ‡ธChichagof
0%
8,478๐Ÿ‡จ๐Ÿ‡ฑChiloรฉ
0%
842๐Ÿ‡ฌ๐Ÿ‡ทChios
0%
2,971๐Ÿ‡ธ๐Ÿ‡งChoiseul
0%
1,229๐Ÿ‡จ๐Ÿ‡ณChongming
0%
135๐Ÿ‡จ๐Ÿ‡ฝChristmas
0%
23๐Ÿ‡จ๐Ÿ‡ทCocos
0%
494๐Ÿ‡ต๐Ÿ‡ฆCoiba
0%
647๐Ÿ‡ฒ๐Ÿ‡ฝCozumel
0%
406๐Ÿ‡ญ๐Ÿ‡ทCres
0%
755๐Ÿ‡ช๐Ÿ‡ทDahlak Kebir
0%
30๐Ÿ‡ฉ๐Ÿ‡ฌDiego Garcia
0%
5,073๐Ÿ‡ณ๐Ÿ‡ดEdge
0%
899๐Ÿ‡ป๐Ÿ‡บEfate
0%
11,295๐Ÿ‡จ๐Ÿ‡ฆEllef Ringnes
0%
3,956๐Ÿ‡ป๐Ÿ‡บEspiritu Santo
0%
3,707๐Ÿ‡ฌ๐Ÿ‡ทEuboea
0%
395๐Ÿ‡ธ๐Ÿ‡ฆFarasan
0%
685๐Ÿ‡ฆ๐Ÿ‡ฝFasta ร…land
0%
1,437๐Ÿ‡ต๐Ÿ‡ฌFergusson
0%
642๐Ÿ‡ช๐Ÿ‡จFernandina
0%
476๐Ÿ‡จ๐Ÿ‡ปFogo
0%
1,840๐Ÿ‡ฆ๐Ÿ‡บFraser
0%
2,985๐Ÿ‡ฉ๐Ÿ‡ฐFunen
0%
83๐Ÿ‡ผ๐Ÿ‡ซFutuna
0%
279๐Ÿ‡น๐Ÿ‡ทGรถkรงeada
0%
700๐Ÿ‡ญ๐Ÿ‡นGonรขve
0%
2,994๐Ÿ‡ธ๐Ÿ‡ชGotland
0%
91๐Ÿ‡น๐Ÿ‡ฆGough
0%
1,560๐Ÿ‡ช๐Ÿ‡ธGran Canaria
0%
1,373๐Ÿ‡ง๐Ÿ‡ธGrand Bahama
0%
196๐Ÿ‡ฐ๐Ÿ‡พGrand Cayman
0%
1,025๐Ÿ‡ฐ๐Ÿ‡ฒGrande Comore
0%
368๐Ÿ‡พ๐Ÿ‡นGrand-Terre
0%
17๐Ÿ‡น๐Ÿ‡จGrand Turk
0%
1,146๐Ÿ‡ง๐Ÿ‡ธGreat Abaco
0%
5,157๐Ÿ‡ท๐Ÿ‡บGreat Lyakhovsky
0%
921๐Ÿ‡ฎ๐Ÿ‡ณGreat Nicobar
0%
306๐Ÿ‡ฌ๐Ÿ‡ฉGrenada
0%
2,326๐Ÿ‡ฆ๐Ÿ‡บGroote Eylandt
0%
5,353๐Ÿ‡ธ๐Ÿ‡งGuadalcanal
0%
544๐Ÿ‡ฌ๐Ÿ‡บGuam
0%
18,040๐Ÿ‡ฎ๐Ÿ‡ฉHalmahera
0%
368๐Ÿ‡ญ๐Ÿ‡ฒHeard
0%
37๐Ÿ‡ต๐Ÿ‡ณHenderson
0%
989๐Ÿ‡ช๐Ÿ‡ชHiiumaa
0%
318๐Ÿ‡ต๐Ÿ‡ซHiva Oa
0%
4,117๐Ÿ‡จ๐Ÿ‡ฑHoste
0%
4,864๐Ÿ‡ง๐Ÿ‡ทIlha Grande de Gurupรก
0%
12๐Ÿ‡น๐Ÿ‡ฆInaccessible
0%
340๐Ÿ‡ฒ๐Ÿ‡ฟInhacamba
0%
534๐Ÿ‡ฆ๐Ÿ‡ทIsla de los Estados
0%
1,826๐Ÿ‡ฐ๐Ÿ‡ทJeju
0%
2๐Ÿ‡บ๐Ÿ‡ฒJohnston
0%
869๐Ÿ‡ต๐Ÿ‡ญJolo
0%
450๐Ÿ‡ฒ๐Ÿ‡ฒKadan Kyun
0%
411๐Ÿ‡ซ๐Ÿ‡ฏKadavu
0%
4,374๐Ÿ‡ฆ๐Ÿ‡บKangaroo
0%
846๐Ÿ‡ฎ๐Ÿ‡ฉKarakelong
0%
6,617๐Ÿ‡น๐Ÿ‡ซKerguelen
0%
13,111๐Ÿ‡จ๐Ÿ‡ฆKing William
0%
388๐Ÿ‡ฐ๐Ÿ‡ฎKiritimati
0%
8,812๐Ÿ‡ท๐Ÿ‡บKomsomolets
0%
111๐Ÿ‡ซ๐Ÿ‡ฒKosrae
0%
24,000๐Ÿ‡ท๐Ÿ‡บKotelny
0%
406๐Ÿ‡ญ๐Ÿ‡ทKrk
0%
845๐Ÿ‡ช๐Ÿ‡ธLanzarote
0%
708๐Ÿ‡ช๐Ÿ‡ธLa Palma
0%
1,633๐Ÿ‡ฌ๐Ÿ‡ทLesbos
0%
2,086๐Ÿ‡ฌ๐Ÿ‡งLewis and Harris
0%
7,368๐Ÿ‡ต๐Ÿ‡ญLeyte
0%
1,146๐Ÿ‡ณ๐Ÿ‡จLifou
0%
1,243๐Ÿ‡ฉ๐Ÿ‡ฐLolland
0%
4,514๐Ÿ‡ฎ๐Ÿ‡ฉLombok
0%
14๐Ÿ‡ฆ๐Ÿ‡บLord Howe
0%
5,048๐Ÿ‡จ๐Ÿ‡ฆMackenzie King
0%
128๐Ÿ‡ฆ๐Ÿ‡บMacquarie
0%
156๐Ÿ‡ธ๐Ÿ‡จMahe
0%
3,190๐Ÿ‡ธ๐Ÿ‡งMakira
0%
3,836๐Ÿ‡ธ๐Ÿ‡งMalaita
0%
2,041๐Ÿ‡ป๐Ÿ‡บMalakula
0%
39๐Ÿ‡ฐ๐Ÿ‡ฎMalden
0%
15๐Ÿ‡ต๐Ÿ‡ซMangareva
0%
126๐Ÿ‡ฑ๐Ÿ‡ฐMannar
0%
2,100๐Ÿ‡ต๐Ÿ‡ฌManus
0%
1,020๐Ÿ‡ป๐Ÿ‡ชMargarita
0%
290๐Ÿ‡ฟ๐Ÿ‡ฆMarion
0%
3,268๐Ÿ‡ต๐Ÿ‡ญMasbate
0%
658๐Ÿ‡ด๐Ÿ‡ฒMasirah
0%
1๐Ÿ‡ญ๐Ÿ‡ฒMcDonald
0%
42,149๐Ÿ‡จ๐Ÿ‡ฆMelville
0%
5,765๐Ÿ‡ฆ๐Ÿ‡บMelville
0%
1,536๐Ÿ‡ฎ๐Ÿ‡ณMiddle Andaman
0%
144๐Ÿ‡น๐Ÿ‡จMiddle Caicos
0%
3,913๐Ÿ‡ฌ๐Ÿ‡ฑMilne Land
0%
10,572๐Ÿ‡ต๐Ÿ‡ญMindoro
0%
215๐Ÿ‡ต๐Ÿ‡ฒMiquelon
0%
499๐Ÿ‡จ๐Ÿ‡ฆMontreal
0%
102๐Ÿ‡ฒ๐Ÿ‡ธMontserrat
0%
134๐Ÿ‡ต๐Ÿ‡ซMoorea
0%
875๐Ÿ‡ฌ๐Ÿ‡งMull
0%
505๐Ÿ‡ธ๐Ÿ‡งNendo
0%
2,037๐Ÿ‡ธ๐Ÿ‡งNew Georgia
0%
4,048๐Ÿ‡ฎ๐Ÿ‡ฉNias
0%
261๐Ÿ‡ณ๐Ÿ‡บNiue
0%
14,467๐Ÿ‡ณ๐Ÿ‡ดNordaustlandet
0%
111,583๐Ÿ‡ณ๐Ÿ‡ฟNorth
0%
2,781๐Ÿ‡ฎ๐Ÿ‡ณNorth Andaman
0%
3,439๐Ÿ‡ง๐Ÿ‡ธNorth Andros
0%
4,685๐Ÿ‡ฉ๐Ÿ‡ฐNorth Jutlandic
0%
320๐Ÿ‡ฒ๐Ÿ‡ฌNosy Be
0%
345๐Ÿ‡ต๐Ÿ‡ซNuku Hiva
0%
1,347๐Ÿ‡ธ๐Ÿ‡ชร–land
0%
272๐Ÿ‡ฌ๐Ÿ‡ผOrango
0%
12,189๐Ÿ‡ต๐Ÿ‡ญPalawan
0%
3๐Ÿ‡จ๐Ÿ‡ฐPalmerston
0%
11๐Ÿ‡บ๐Ÿ‡ฒPalmyra
0%
293๐Ÿ‡ฒ๐Ÿ‡พPenang
0%
546๐Ÿ‡ป๐Ÿ‡ณPhu Quoc
0%
447๐Ÿ‡ต๐Ÿ‡นPico
0%
4๐Ÿ‡ต๐Ÿ‡ณPitcairn
0%
334๐Ÿ‡ซ๐Ÿ‡ฒPohnpei
0%
6,675๐Ÿ‡บ๐Ÿ‡ธPrince of Wales
0%
15,848๐Ÿ‡จ๐Ÿ‡ฆPrince Patrick
0%
855๐Ÿ‡ช๐Ÿ‡จPunรก
0%
8,612๐Ÿ‡ฌ๐Ÿ‡ฑQeqertarsuaq
0%
1,350๐Ÿ‡ฒ๐Ÿ‡ฒRamree
0%
29๐Ÿ‡ณ๐Ÿ‡ฟRaoul
0%
40๐Ÿ‡ต๐Ÿ‡ซRapa
0%
67๐Ÿ‡จ๐Ÿ‡ฐRarotonga
0%
660๐Ÿ‡ธ๐Ÿ‡งRennell
0%
1,400๐Ÿ‡ฌ๐Ÿ‡ทRhodes
0%
5,110๐Ÿ‡จ๐Ÿ‡ฑRiesco
0%
108๐Ÿ‡ฒ๐Ÿ‡บRodriguez
0%
7,910๐Ÿ‡ฆ๐Ÿ‡ถRoosevelt
0%
2,460๐Ÿ‡ฆ๐Ÿ‡ถRoss
0%
926๐Ÿ‡ฉ๐Ÿ‡ชRรผgen
0%
2,673๐Ÿ‡ช๐Ÿ‡ชSaaremaa
0%
25๐Ÿ‡ง๐Ÿ‡ฑSaint Barthรฉlemy
0%
212๐Ÿ‡ป๐Ÿ‡ฎSaint Croix
0%
5,135๐Ÿ‡บ๐Ÿ‡ธSaint Lawrence
0%
26๐Ÿ‡ต๐Ÿ‡ฒSaint Pierre
0%
180๐Ÿ‡ฒ๐Ÿ‡ตSaipan
0%
0๐Ÿ‡จ๐Ÿ‡ฑSala y Gomez
0%
12,849๐Ÿ‡ต๐Ÿ‡ญSamar
0%
558๐Ÿ‡ช๐Ÿ‡จSan Cristobal
0%
762๐Ÿ‡ง๐Ÿ‡ฉSandwip
0%
424๐Ÿ‡ง๐Ÿ‡ทSanta Catarina
0%
250๐Ÿ‡บ๐Ÿ‡ธSanta Cruz
0%
986๐Ÿ‡ช๐Ÿ‡จSanta Cruz
0%
3,665๐Ÿ‡ธ๐Ÿ‡งSanta Isabel
0%
585๐Ÿ‡ช๐Ÿ‡จSantiago
0%
991๐Ÿ‡จ๐Ÿ‡ปSantiago
0%
779๐Ÿ‡จ๐Ÿ‡ปSanto Antao
0%
1,410๐Ÿ‡ง๐Ÿ‡ทSรฃo Luรญs
0%
754๐Ÿ‡ต๐Ÿ‡นSรฃo Miguel
0%
117๐Ÿ‡ฉ๐Ÿ‡ดSaona
0%
1,694๐Ÿ‡ผ๐Ÿ‡ธSavai'i
0%
452๐Ÿ‡ฒ๐Ÿ‡พ ๐Ÿ‡ฎ๐Ÿ‡ฉSebatik
0%
1,590๐Ÿ‡ณ๐Ÿ‡ดSenja
0%
17,454๐Ÿ‡ฎ๐Ÿ‡ฉSeram
0%
42๐Ÿ‡ช๐Ÿ‡ฌShadwan
0%
600๐Ÿ‡ธ๐Ÿ‡ฑSherbro
0%
465๐Ÿ‡ต๐Ÿ‡ญSibuyan
0%
21๐Ÿ‡ง๐Ÿ‡ถSint Eustatius
0%
6,390๐Ÿ‡ฆ๐Ÿ‡ถSiple
0%
148๐Ÿ‡ฆ๐Ÿ‡ถSmith
0%
41,214๐Ÿ‡จ๐Ÿ‡ฆSouthampton
0%
1,211๐Ÿ‡ฎ๐Ÿ‡ณSouth Andaman
0%
1,448๐Ÿ‡ง๐Ÿ‡ธSouth Andros
0%
480๐Ÿ‡ธ๐Ÿ‡งSouth Malaita
0%
16๐Ÿ‡ฐ๐Ÿ‡ฎStarbuck
0%
373๐Ÿ‡ซ๐Ÿ‡ดStreymoy
0%
14,386๐Ÿ‡ฎ๐Ÿ‡ฉSumbawa
0%
1,044๐Ÿ‡ต๐Ÿ‡ซTahiti
0%
434๐Ÿ‡ซ๐Ÿ‡ฏTaveuni
0%
400๐Ÿ‡ต๐Ÿ‡นTerceira
0%
15,700๐Ÿ‡ฆ๐Ÿ‡ถThurston
0%
1,201๐Ÿ‡ฒ๐Ÿ‡ฝTiburรณn
0%
150๐Ÿ‡ฒ๐Ÿ‡ทTidra
0%
47,401๐Ÿ‡ท๐Ÿ‡บTierra del Fuego
0%
256๐Ÿ‡น๐Ÿ‡ดTongatapu
0%
56๐Ÿ‡ป๐Ÿ‡ฌTortola
0%
98๐Ÿ‡น๐Ÿ‡ฆTristan da Cunha
0%
7,700๐Ÿ‡ง๐Ÿ‡ทTupinambarana
0%
142๐Ÿ‡ฆ๐Ÿ‡ธTutuila
0%
720๐Ÿ‡ธ๐Ÿ‡ฌUjong
0%
1,793๐Ÿ‡บ๐Ÿ‡ธUmnak
0%
4,069๐Ÿ‡บ๐Ÿ‡ธUnimak
0%
540๐Ÿ‡ฌ๐Ÿ‡ฑUpernivik
0%
5,587๐Ÿ‡ซ๐Ÿ‡ฏVanua Levu
0%
135๐Ÿ‡ต๐Ÿ‡ทVieques
0%
13๐Ÿ‡บ๐Ÿ‡ฒWake
0%
265๐Ÿ‡ซ๐Ÿ‡ฐWeddell
0%
5,556๐Ÿ‡จ๐Ÿ‡ฑWellington
0%
6๐Ÿ‡จ๐Ÿ‡จWest
0%
4,531๐Ÿ‡ซ๐Ÿ‡ฐWest Falkland
0%
7,866๐Ÿ‡ท๐Ÿ‡บWrangel
0%
155๐Ÿ‡จ๐Ÿ‡ณXiamen
0%
2,437๐Ÿ‡ฌ๐Ÿ‡ฑYmer
0%
11,742๐Ÿ‡ฎ๐Ÿ‡ฉYos Sudarso
0%
33,246๐Ÿ‡ท๐Ÿ‡บYuzhny
0%
502๐Ÿ‡จ๐Ÿ‡ณZhoushan
0%

Score Distribution

Percentile by Number Answered

Percent of People with Each Score

Your Score History

You have not taken this quiz